000 00503nam a22001937a 4500
005 20251119115317.0
008 251119b |||||||| |||| 00| 0 eng d
020 _a978-1-111-57908-1
050 _aQA 39.3 .M38 2013
_bC.1
100 _aAUFMAN RICHARD
245 _aMATHEMATICAL EXCURSIONS
250 _a3RD
260 _aAUSTRALIA
_bCENGAGE LEARNING
_c2013
300 _aIV-847P.
500 _aIT HAS BIBLIOGRAPHIC DATA
650 _aMATHEMATICS
700 _aAUFMAN RICHARD
942 _2lcc
_cBK
999 _c216211
_d216211